MARC details
| 000 -BAŞLIK |
| Sabit Uzunlukta Kontrol Alanı |
01765na a2200361 4500 |
| 001 - KONTROL NUMARASI |
| Denetim Alanı |
20928 |
| 003 - KONTROL NUMARASI IDENTIFIER |
| Denetim Alanı |
MIRAKIL |
| 005 - SON İŞLEM TARİHİ VE ZAMANI |
| Denetim Alanı |
20181213154841.0 |
| 008 - SABİT-BOY VERİ ELEMANLARI - GENEL BİLGİLER |
| Sabit Uzunlukta Kontrol Alanı |
170129b tu 000 0 |
| 040 ## - KATALOGLAMA KAYNAK |
| Orijinal Kataloglama Ajansı |
Milas |
| Kataloglama Dili |
tur |
| Metne Dönüştürmek Ajansı |
TR-AnCHP |
| 041 ## - DİL KODU |
| Metin / Ses Parça Veya Ayrı Başlığın Dil Kodu |
tur |
| 082 ## - DEWEY ONLU SINIFLANDIRMA NUMARASI |
| Sınıflandırma Numarası |
CHP 351.72 |
| Ürün Numarası |
C3635s 2010 |
| 090 ## - SINIFLAMA NUMARASI |
| Sınıflama Numarası |
BROŞÜR 275 |
| 110 ## - ANA GİRİŞ - KURUMSAL ADI |
| Giriş Elemanı Olarak Kurumsal Ad Veya Yargı Alanı Adı |
Cumhuriyet Halk Partisi (CHP) |
| Alt Birim |
Genel Merkez (GM) |
| 245 ## - BAŞLIK TABLOSU |
| Başlık |
Sayışatayın siyasallaştırılması ve bağımsız denetimin tasfiyesi |
| Sorumluluk Tablosu, Vb |
Cumhuriyet Halk Partisi Genel Merkezi |
| 246 ## - UNVAN FORM VARYING |
| Başlık Doğru / Kısa Başlığı |
Bağımsız denetimin tasfiyesi |
| 260 ## - YAYIN, DAĞITIM, VB |
| Yayın, Dağıtım, Vb Yeri |
Ankara |
| Yayıncı, Dağıtıcı, Vs Adı |
[CHP] |
| Yayın, Dağıtım, Vb Tarihi |
2010 |
| Üretici Firma |
Genç Ofset |
| 300 ## - FİZİKSEL TANIM |
| Kapsam |
13 s. |
| Diğer Fiziksel Ayrıntıları |
rnk. res. |
| Boyutlar |
21 sm. |
| 440 ## - SERİSİ TABLOSU / KATMA GİRİŞİ - BAŞLIK |
| Başlık |
Cumhuriyet Halk Partisi yayınları |
| Bir İşin Parçası / Bölümün İsmi |
Raporlar |
| 505 ## - BİÇİMLENDİRİLDİ İÇİNDEKİLER NOT |
| Biçimlendirilmiş İçeriği Dikkat |
1. AKP sayıştay denetiminden neden hoşlanmaz? - 2. Sayıştayın siyasallaştırılması -- 3. Sayıştayın INTOSAI denetim standartlarına göre denetim yapmasının engellenmesi - 4. Sayıştay'ın performans denetimi yetkisinin elinden alınması - 5. Sayıştayın yaptığı performans denetimlerine ilişkin raporların sayıştay başkanı tarafından sümenaltı edilmesi |
| 610 ## - KONU KATMA GİRİŞ - TOPLANTI ADI |
| Giriş Elemanı Olarak Kurumsal Ad Veya Yargı Alanı Adı |
CHP |
| Genel Alt Bölüm |
Raporlar |
| Kronolojik Alt Bölüm |
Sayıştay |
| 650 ## - KONU KATMA GİRİŞ - TOPİKAL DÖNEM |
| Topikal Süreli Veya Coğrafi Ad Giriş Elemanı |
Hukuk ve yasama |
| 650 ## - KONU KATMA GİRİŞ - TOPİKAL DÖNEM |
| Topikal Süreli Veya Coğrafi Ad Giriş Elemanı |
Mali denetim |
| Genel Alt Bölümü |
Sayıştay |
| Coğrafi Alt Bölümü |
Türkiye |
| 650 ## - KONU KATMA GİRİŞ - TOPİKAL DÖNEM |
| Topikal Süreli Veya Coğrafi Ad Giriş Elemanı |
Sayıştay |
| 740 ## - KATMA GİRİŞ - KONTROLSUZ İLGİLİ / ANALİTİK BAŞLIK |
| Kontrol Edilmeyen / İlgili Analitik Başlıktaki |
Sayıştayın yaptığı performans denetimlerine ilişkin raporların sayıştay başkanı tarafından sümenaltı edilmesi |
| 740 ## - KATMA GİRİŞ - KONTROLSUZ İLGİLİ / ANALİTİK BAŞLIK |
| Kontrol Edilmeyen / İlgili Analitik Başlıktaki |
Sayıştayın performans denetimi yetkisinin elinden alınması |
| 740 ## - KATMA GİRİŞ - KONTROLSUZ İLGİLİ / ANALİTİK BAŞLIK |
| Kontrol Edilmeyen / İlgili Analitik Başlıktaki |
Sayıştayın INTOSAI denetim standartlarına göre denetim yapmasının engellenmesi |
| 740 ## - KATMA GİRİŞ - KONTROLSUZ İLGİLİ / ANALİTİK BAŞLIK |
| Kontrol Edilmeyen / İlgili Analitik Başlıktaki |
AKP sayıştay denetiminden neden hoşlanmaz? |
| 740 ## - KATMA GİRİŞ - KONTROLSUZ İLGİLİ / ANALİTİK BAŞLIK |
| Kontrol Edilmeyen / İlgili Analitik Başlıktaki |
Bağımsız denetimin tasfiyesi |
| 830 ## - SERİSİ EKLENDİ GİRİŞ - ÜNİFORM ADI |
| Üniforma Başlık |
CHP raporları |
| 942 ## - EKLENDİ GİRİŞ ELEMANLARI (KOHA) |
| Sınıflandırma Veya Raf Düzeni Kaynak |
|
| Koha Öğesi Türü |
Books |
| 999 ## - SİSTEM KONTROL NUMARALARI (KOHA) |
| Koha Biblionumber |
1983 |
| Koha Biblioitemnumber |
1983 |